LEADER 01067nas# 2200277 i 450 001 SUN0059128 005 20080215120000.0 011 $a0361-803X 100 $a20070511a1976 |0engc50 ba 101 $aeng 102 $aUS 105 $a|||| ||||| 110 $aaM||||||||| 200 1 $aAmerican journal of roentgenology$eofficial journal of the American roentgen ray society and the American radium society 205 $aSpringfield : Thomas$b1976- 207 $av. : ill.$a28 cm 210 $aMensile 215 $aDal 1977 si aggiunge la sigla: AJR. - Il luogo di pubblicazione e l'editore variano: Leesburg$cAmerican roentgen ray society. 620 $dSpringfield$3SUNL000420 712 $aThomas$3SUNV006512$4650 801 $aIT$bSOL$c20181109$gRICA 899 $aSUN - BIBLIOTECA DIPARTIMENTO MAGRASSI LANZARA$2SUN06$42004-2005; lac. 2004-2005;$c11/B ; 912 $aSUN0059128 950 $aSUN - BIBLIOTECA DIPARTIMENTO MAGRASSI LANZARA$b06 2004-2005; lac. 2004-2005; 996 $aAmerican journal of roentgenology$9802082 997 $aUNICAMPANIA